Регионална библиотека "Любен Каравелов" - Русе

Етюди за кларинет (Запис номер 322025)

MARC детайли
000 -Лидер
Контролно поле с фиксирана дължина 01063ncm a2200313 c 4500
003 - Код на организацията, давaща контролен номер
Контролно поле BLK
005 - Дата и час на последна редакция
Контролно поле 20180421003942.0
008 - Елементи от данни с фиксирана дължина
fixed length control field 180414b bul |a|er|||| |0| c|bulo|
010 ## - Наследен системен номер
LC control number NOT00004103000
040 ## - Източник на каталожния запис
Идентификатор на билиотеката - собственик на записа BLK
041 ## - Код за език
Код за езика на текст/звукозапис или на отделно заглавие Български
Код за езика КДБФ Български
080 ## - УДК
Текстов определител УДК Кларинет. Етюди, гами, учебна литература
УДК код - определител по УДК 788.6.087.5
УДК определител
УДК - код + определител 788.6.087.5
100 1# - Редна дума - Автор
Автор Крьопш, Фриц
Авторска отговорност първи автор
R(LIN) 85037
139 ## - Редно поле
Редна дума Крьопш, Фриц
Авторски знак Кръ - К 92
245 10 - Сведения за заглавието
Заглавие Етюди за кларинет
Подзаглавни данни Ч. 1 - 2
Редно поле (дума) Фриц Крьопш.
Том Ч. 2
257 ## - Страна на издаване
Страна на създаване/издаване Австрия
260 ## - Област на издателските данни
-- София
Име на издателя, разпространителя и проч. Наука и изкуство
Година на издаване 1966 -
300 ## - Физическа характеристика
Размери/Мащаб 31 см
380 ## - Жанр
Жанр Изкуство
650 #4 - Допълнително описание по предмет – тема
Основно описание – тема или топоним Кларинет - етюди, гами
9 (RLIN) 353811
653 ## - Ключова дума – ненормативна
Ключова дума кларинети
653 ## - Ключова дума – ненормативна
Ключова дума етюди
760 1# - Описание на основната серия
Редна дума на основното описание Крьопш, Фриц
Поясняваща информация 56 с.
Място на издаване, издател и година 1967
Страници - том 56 с.
Заглавие Ч. 2
852 ## - Местоположение
Форматна сигнатура Цб М ІІ 3908
Част 0
856 4# - Електронен адрес и достъп
Електронен формат pdf - файл
Път до файла /url/
856 4# - Електронен адрес и достъп
Електронен формат pdf - файл
Път до файла /url/
942 ## - АРТИКУЛИ
Вид на библиотечния материал Нотни издания
Скрит в OPAC Не
944 ## - СЪЗДАВАНЕ И РЕДАКЦИЯ на ЗАПИСА
Създаване/Редакция Създаване
Дата на регистрацията/редакция 06.10.2017
Служител, извършил регистрацията/редакцията Ирена_Линкова
944 ## - СЪЗДАВАНЕ И РЕДАКЦИЯ на ЗАПИСА
Създаване/Редакция Редакция
Дата на регистрацията/редакция 06.10.2017
Служител, извършил регистрацията/редакцията Ирена_Линкова
999 ## - СИСТЕМНИ КОНТРОЛНИ НОМЕРА
Koha biblionumber 322025
Koha biblioitemnumber 322025
Наличности
Код за отписване Код за изгубен артикул Източник на класификационната схема Код за повреда Коз за рестрикции Код за отдаване Артикулен № Име на библиотеката - собственик Име на библиотеката, в която се намира в момента Статус (Текущо местоположение) Дата на вписване в системата Местоположение - отдел Цена в лева Инвентарен номер Систематично азбучна сигнатура Баркод Номер на екземпляра Цена в евро Служебна бележка Служебен тип на артикула
  Не е изгубен Universal Decimal Classification Не е повреден само за читалня ползва се в читалня 675692 Регионална библиотека "Любен Каравелов" Русе Регионална библиотека "Любен Каравелов" Русе Хранилище 1967-01-01 Хранилище 0.70 6235/67 Цб М ІІ 3908 900000006952 1 0.36 Дост: Dp Вид: Д N: сф Дата: 01.01.1967 Бележки инв: Ирена_Линк Съставил: Ирена_Линкова Нотни издания
Изтеглен Не е изгубен Universal Decimal Classification Не е повреден без рестрикции заемане за дома 675693 Регионална библиотека "Любен Каравелов" Русе Регионална библиотека "Любен Каравелов" Русе Отдел Изкуство - подръчен фонд 1967-01-01 Отдел Изкуство - подръчен фонд 0.70 13773/67 МП ІІ 3908 13773/67 2 0.36 Дост: Pk Вид: Ф N: сф Дата: 01.01.1967 Бележки инв: Ирена_Линк Съставил: Ирена_Линкова Нотни издания
  Не е изгубен Universal Decimal Classification Не е повреден без рестрикции заемане за дома 675694 Регионална библиотека "Любен Каравелов" Русе Регионална библиотека "Любен Каравелов" Русе Отдел Изкуство - подръчен фонд 1967-01-01 Отдел Изкуство - подръчен фонд 0.70 13774/67 788/К 92 Ф 900000001581 3 0.36 Дост: Pk Вид: Ф N: сф Дата: 01.01.1967 Бележки инв: Ирена_Линк Съставил: Ирена_Линкова Нотни издания
Изтеглен Не е изгубен Universal Decimal Classification Не е повреден без рестрикции заемане за дома 675695 Регионална библиотека "Любен Каравелов" Русе Регионална библиотека "Любен Каравелов" Русе Отдел Изкуство - подръчен фонд 1967-01-01 Отдел Изкуство - подръчен фонд 0.70 13774/67 МП ІІ 3908 13774/67 4 0.36 Дост: Pk Вид: Ф N: сф Дата: 01.01.1967 Бележки инв: Ирена_Линк Съставил: Ирена_Линкова Нотни издания
  Не е изгубен Universal Decimal Classification Не е повреден без рестрикции заемане за дома 675696 Регионална библиотека "Любен Каравелов" Русе Регионална библиотека "Любен Каравелов" Русе Отдел Изкуство - подръчен фонд 1967-01-01 Отдел Изкуство - подръчен фонд 0.70 13775/67 788/К 92 Ф 900000001580 5 0.36 Дост: Pk Вид: Ф N: сф Дата: 01.01.1967 Бележки инв: Ирена_Линк Съставил: Ирена_Линкова Нотни издания
Vip Innovations Ltd, Rousse, Bulgaria 2025